Comparative study of plasma-thiophene and acetylene coated silica in SBR and EPDM reinforcement (Record no. 55958)

MARC details
000 -LEADER
fixed length control field 00546nam a2200193Ia 4500
100 ## - MAIN ENTRY--AUTHOR NAME
Personal name Tiwari M.
245 #0 - TITLE STATEMENT
Title Comparative study of plasma-thiophene and acetylene coated silica in SBR and EPDM reinforcement
260 ## - PUBLICATION, DISTRIBUTION, ETC. (IMPRINT)
Name of publisher Rubber Chemistry and Technology
Year of publication 2009
300 ## - PHYSICAL DESCRIPTION
Number of Pages 473-491
650 ## - SUBJECT ADDED ENTRY--TOPICAL TERM
Topical Term EPDM reinforcement
650 ## - SUBJECT ADDED ENTRY--TOPICAL TERM
Topical Term SBR
700 ## - ADDED ENTRY--PERSONAL NAME
Personal name Datta R.N.
700 ## - ADDED ENTRY--PERSONAL NAME
Personal name Dierkes W.K.
700 ## - ADDED ENTRY--PERSONAL NAME
Personal name Noordermeer J.W.MM.
700 ## - ADDED ENTRY--PERSONAL NAME
Personal name Ooij W.J.van
700 ## - ADDED ENTRY--PERSONAL NAME
Personal name Talma A.G.
942 ## - ADDED ENTRY ELEMENTS (KOHA)
Koha item type Journals
Holdings
Withdrawn status Lost status Damaged status Not for loan Home library Current library Date acquired Serial Enumeration / chronology Koha item type
      Journals RRII Library RRII Library 30/04/2010 Volume 82, Issue 5 Journals